|
|
|
|
| LEADER |
00000cam a22000004a 4500 |
| 001 |
musev2_62387 |
| 003 |
MdBmJHUP |
| 005 |
20230905050423.0 |
| 006 |
m o d |
| 007 |
cr||||||||nn|n |
| 008 |
130415s1985 nju o 00 0 eng d |
| 020 |
|
|
|a 9781400846962
|
| 020 |
|
|
|z 9780691072739
|
| 020 |
|
|
|z 9780691020365
|
| 035 |
|
|
|a (OCoLC)1132220249
|
| 040 |
|
|
|a MdBmJHUP
|c MdBmJHUP
|
| 041 |
1 |
|
|a eng
|h dut
|
| 100 |
1 |
|
|a Kierkegaard, Soren,
|d 1813-1855,
|e author.
|
| 240 |
1 |
0 |
|a Philosophiske smuler.
|l English
|
| 245 |
1 |
0 |
|a Kierkegaard's Writings, VII, Volume 7 :
|b Philosophical Fragments, or a Fragment of Philosophy/Johannes Climacus, or De omnibus dubitandum est. (Two books in one volume) /
|c by Soren Kierkegaard ; edited and translated with introduction and notes by Howard V. Hong and Edna H. Hong.
|
| 264 |
|
1 |
|a Princeton, N.J. :
|b Princeton University Press,
|c 1985.
|
| 264 |
|
3 |
|a Baltimore, Md. :
|b Project MUSE,
|c 2020
|
| 264 |
|
4 |
|c ©1985.
|
| 300 |
|
|
|a 1 online resource (400 pages).
|
| 336 |
|
|
|a text
|b txt
|2 rdacontent
|
| 337 |
|
|
|a computer
|b c
|2 rdamedia
|
| 338 |
|
|
|a online resource
|b cr
|2 rdacarrier
|
| 490 |
0 |
|
|a Kierkegaard's writings ;
|v 7
|
| 500 |
|
|
|a Translation of: Philosophiske smuler; and of: Johannes Climacus.
|
| 588 |
|
|
|a Description based on print version record.
|
| 650 |
|
7 |
|a Religion
|x Philosophy.
|2 fast
|0 (OCoLC)fst01093794
|
| 650 |
|
7 |
|a PHILOSOPHY
|x Religious.
|2 bisacsh
|
| 650 |
|
7 |
|a RELIGION
|x Christianity
|x General.
|2 bisacsh
|
| 650 |
|
7 |
|a BODY, MIND & SPIRIT
|x Gaia & Earth Energies.
|2 bisacsh
|
| 650 |
|
6 |
|a Religion
|x Philosophie.
|
| 650 |
|
0 |
|a Religion
|x Philosophy.
|
| 655 |
|
7 |
|a Electronic books.
|2 local
|
| 700 |
1 |
2 |
|a Kierkegaard, Soren,
|d 1813-1855.
|t Johannes Climacus.
|l English.
|
| 700 |
1 |
|
|a Hong, Edna H.
|q (Edna Hatlestad),
|d 1913-2007,
|e editor,
|e translator.
|
| 700 |
1 |
|
|a Hong, Howard V.
|q (Howard Vincent),
|d 1912-2010,
|e editor,
|e translator.
|
| 710 |
2 |
|
|a Project Muse.
|e distributor
|
| 830 |
|
0 |
|a Book collections on Project MUSE.
|
| 856 |
4 |
0 |
|z Texto completo
|u https://projectmuse.uam.elogim.com/book/62387/
|
| 945 |
|
|
|a Project MUSE - Custom Collection
|
| 945 |
|
|
|a Project MUSE - Archive Complete Supplement VIII
|
| 945 |
|
|
|a Project MUSE - Archive Philosophy and Religion Supplement VIII
|